Movies Quiz

Random Movies or Rock Quiz
Score 0/16 Timer 05:00
0 Plays Today
% Correct
Elton John
91.7%
Taron Egerton
89.1%
Kiki Dee
86.8%
Sheila Dwight
84.8%
Bryce Dallas Howard
84.5%
Jamie Bell
81.8%
Richard Madden
77.2%
Rachel Muldoon
76.2%
% Correct
Bernie Taupin
75.9%
John Reid
65%
Dick James
60.1%
Stephen Graham
58.1%
Stanley Dwight
58.1%
Fred Farebrother
55.8%
Tom Bennett
49.8%
Steven Mackintosh
47.9%
Remove Ads.
Support Sporcle.
Get the best of Sporcle when you Go Orange. This ad-free experience offers more features, more stats, and more fun while also helping to support Sporcle. Thank you for becoming a member.

You're not logged in!

Compare scores with friends on all Sporcle quizzes.
OR
Log In

Sporcle TV

Today on Sporcle TV


Watch our educational content, quiz creation guides, and fun videos on Sporcle TV.

Show Comments

Extras

Top Quizzes Today


Score Distribution

Paid Content

Your Account Isn't Verified!

In order to create a playlist on Sporcle, you need to verify the email address you used during registration. Go to your Sporcle Settings to finish the process.

Report this User

Report this user for behavior that violates our Community Guidelines.

Details: